000 00733cam a2200253 a 4500
008
020 _a1852339349 (pbk.)
049 _aMAIN
090 _aQA685.54
_bAND
100 1 _aAnderson, James W.
245 1 0 _aHyperbolic geometry /
_cJames W. Anderson.
250 _a2nd ed.
260 _aLondon :
_bSpringer,
_cc2005.
300 _axi, 276 p. :
_bill. ;
_c24 cm.
440 0 _aSpringer Undergraduate Mathematics Series.
500 _aIncludes Index.
504 _aIncludes bibliographical references.
650 0 _aGeometry, Hyperbolic.
907 _a.b10277237
_b07-07-10
_c20-05-10
003
005 20230123125026.0
040 _cNUST
942 _cBOOKS
_kQA685.54
_mAND
999 _c134404
_d134404